Bilecik Bilecik Bilecik Bilecik Bilecik

Kamu ekonomisi/ (Record no. 18094)

MARC details
000 -BAŞLIK
Sabit Uzunluktaki Kontrol Alanı 01271nam a22004097a 4500
001 - KONTROL NUMARASI
Control Dosyası 0018137
003 - KONTROL NUMARASI KİMLİĞİ
Kontrol Alanı KOHA_MİRAKIL
005 - EN SON İŞLEM TARİHİ ve ZAMANI
Kontrol Alanı 20260207002204.0
007 - FİZİKSEL TANIM SABİT ALAN - GENEL BİLGİ
Sabit uzunluklu kontrol alanı ta
008 - SABİT UZUNLUKTAKİ VERİ ÖGELERİ - GENEL BİLGİ
Sabit Alan 090507b1996 tu |||gr||||#||||0|tur |
020 ## - ISBN - ULUSLARARASI STANDART KİTAP NUMARASI
Isbn 9754865450
040 ## - KATALOGLAMA KAYNAĞI
Özgün Kataloglama Kurumu TR-BiSEU
Kataloglama Dili tur
Çeviri Kurumu TR-BiSEU
Açıklama Kuralları rda
041 0# - DİL KODU
Metin ya da ses kaydının dil kodu tur
044 ## - YAYINLAYAN/ÜRETEN KURULUŞUN ÜLKE KODU
ISO country code tu
050 ## - SINIFLAMA ve YER NUMARASI
Sınıflama Numarası HJ131
Yer Numarası .S46 1996
100 1# - KİŞİ ADI
Yazar Adı (Kişi adı) Şener, Orhan.
245 1# - ESER ADI BİLDİRİMİ
Başlık Kamu ekonomisi/
Sorumluluk Bildirimi Orhan Şener ; Orhan Şener.
264 #1 - ÜRERİM, YAYIN, DAĞITIM ve TELİF BİLDİRİMİ
Yayın yeri İstanbul :
Yayınlayan Beta,1996.
Yayın tarihi 1996
300 ## - FİZİKSEL TANIMLAMA
Sayfa, Cilt vb. 331 sayfa
336 ## - İÇERİK TÜRÜ
Content type term metin
Content type code txt
Source rdacontent
337 ## - MEDYA TÜRÜ
Media type term aracısız
Media type code n
Source rdamedia
338 ## - TAŞIYICI TÜRÜ
Carrier type term cilt
Carrier type code nc
Source rdacarrier
490 1# - DİZİ BİLDİRİMİ
Dizi Bildirimi Yayın No ;
Cilt Numarası 650.
490 1# - DİZİ BİLDİRİMİ
Dizi Bildirimi İşletme -Ekonomi Dizisi ;
Cilt Numarası 63.
500 ## - GENEL NOT
Genel Not Kaynakça ve dizin var.
650 #0 - KONU BAŞLIĞI EK GİRİŞ - KONU TERİMİ
Konusal terim veya coğrafi ad Kamu harcama politikası--Türkiye.
9 (RLIN) 24599
650 #0 - KONU BAŞLIĞI EK GİRİŞ - KONU TERİMİ
Konusal terim veya coğrafi ad Harcamalar, Kamu--Türkiye.
9 (RLIN) 24600
650 #0 - KONU BAŞLIĞI EK GİRİŞ - KONU TERİMİ
Konusal terim veya coğrafi ad Maliye, kamu--Türkiye.
9 (RLIN) 15019
650 #0 - KONU BAŞLIĞI EK GİRİŞ - KONU TERİMİ
Konusal terim veya coğrafi ad Bütçe--Türkiye.
9 (RLIN) 8794
650 #0 - KONU BAŞLIĞI EK GİRİŞ - KONU TERİMİ
Konusal terim veya coğrafi ad Government spending policy--Turkey.
9 (RLIN) 24601
650 #0 - KONU BAŞLIĞI EK GİRİŞ - KONU TERİMİ
Konusal terim veya coğrafi ad Expenditures, Public--Turkey.
9 (RLIN) 24602
650 #0 - KONU BAŞLIĞI EK GİRİŞ - KONU TERİMİ
Konusal terim veya coğrafi ad Finance, Public--Turkey.
9 (RLIN) 18252
650 #0 - KONU BAŞLIĞI EK GİRİŞ - KONU TERİMİ
Konusal terim veya coğrafi ad Budget--Turkey.
9 (RLIN) 18253
830 1# - SERİ EK GİRİŞİ - TEKBİÇİM ESER ADI
Tekbiçim Başlık Yayın No ;
Volume number/sequential designation 650.
9 (RLIN) 1861
830 1# - SERİ EK GİRİŞİ - TEKBİÇİM ESER ADI
Tekbiçim Başlık İşletme -Ekonomi Dizisi ;
Volume number/sequential designation 63.
9 (RLIN) 42010
942 ## - EK GİRİŞ ÖGELERİ (KOHA)
Source of classification or shelving scheme Library of Congress Classification
Koha item type Book
Holdings
Materyal Türü Kalıcı Konum Mevcut Konum Raf Yeri Sınıflandırma Kaynağı Edinim Bilgisi Ana Konular Alt Konular Yer Numarası Demirbaş Numarası Fatura Tarihi Maliyet, Alış Fiyatı Maliyet, Yenileme Fiyatı Geri Çekilme Durumu Kayıp Durumu Hasarlı Durumu Kredi için değil Kayıt Tarih Toplam Ödünçverme Son Görülme Tarihi Son Kontrol Tarihi Genel / Bağış Notu
Book Prof. Dr. Azmi Özcan Kütüphanesi Prof. Dr. Azmi Özcan Kütüphanesi Uluğbey Salonu Library of Congress Classification Bağış SOSYAL BİLİMLER Kamu Maliyesi HJ131 .S46 1996 0018137 13/08/2010 4.00 4.00         07/05/2009 12 05/12/2024 05/12/2024 İİBF